[Event "Titled Tuesday intern op 16th Apr Early"]
[Site "Chess.com INT"]
[Date "2024.04.16"]
[Round "5"]
[White "Cansun, Can Alp"]
[Black "Donatti, Alvaro"]
[Result "1-0"]
[WhiteElo "2130"]
[BlackElo "2193"]
[PlyCount "79"]
[EventDate "2024.04.16"]
[EventType "swiss (blitz)"]
[EventRounds "11"]
[EventCountry "USA"]
[SourceTitle "CB17_2024"]
[SourceDate "2024.04.24"]
[SourceVersion "1"]
[SourceVersionDate "2024.04.24"]
[SourceQuality "1"]

1. d4 Nf6 2. c4 c5 3. d5 b5 4. cxb5 a6 5. f3 axb5 6. e4 d6 7. Bxb5+ Bd7 8. Na3 g6 9. Ne2 Bg7 10. 0-0 0-0 11. Bxd7 Nbxd7 12. Nb5 Qb6 13. Nec3 Rfb8 14. Qc2 Qa5 15. a4 Nb6 16. Bg5 Qb4 17. Nc7 Ra7 18. N7b5 Raa8 19. Ra3 h6 20. Be3 Nc4 21. Bd2 Nxa3 22. bxa3 Qc4 23. Rc1 Nd7 24. Nc7 Ra7 25. N7b5 Rab7 26. Kf2 Ne5 27. Ke3 h5 28. h3 Bh6+ 29. Kf2 Nd3+ 30. Kg1 Nxc1 31. Bxh6 Nd3 32. Qd2 Ne5 33. f4 Nd3 34. f5 Ne5 35. fxg6 fxg6 36. Qg5 Kh7 37. Qf4 Qd3 38. Kh2 Re8 39. Bg5 Rbb8 40. a5 1-0

[Event "Titled Tuesday intern op 16th Apr Early"]
[Site "Chess.com INT"]
[Date "2024.04.16"]
[Round "8"]
[White "Donatti, Alvaro"]
[Black "Melillo, Lucius"]
[Result "0-1"]
[WhiteElo "2193"]
[BlackElo "2274"]
[PlyCount "72"]
[EventDate "2024.04.16"]
[EventType "swiss (blitz)"]
[EventRounds "11"]
[EventCountry "USA"]
[SourceTitle "CB17_2024"]
[SourceDate "2024.04.24"]
[SourceVersion "1"]
[SourceVersionDate "2024.04.24"]
[SourceQuality "1"]

1. e4 Nf6 2. e5 Nd5 3. d4 d6 4. c4 Nb6 5. f4 dxe5 6. fxe5 Bf5 7. Nc3 e6 8. Nf3 Nc6 9. Be2 Bb4 10. 0-0 0-0 11. Be3 Na5 12. c5 Nbc4 13. Bg5 f6 14. exf6 gxf6 15. Bh6 Nxb2 16. Qc1 Nd3 17. Bxd3 Bxd3 18. Rd1 Bg6 19. Bxf8 Qxf8 20. Qb2 Nc6 21. a3 Bxc3 22. Qxc3 Rd8 23. Qe3 Qf7 24. Nh4 Rd5 25. Nxg6 hxg6 26. Ra2 e5 27. Re2 Nxd4 28. Red2 Rxc5 29. Qe4 c6 30. Rd3 Kg7 31. Rh3 Qd5 32. Qg4 f5 33. Qh4 Nf3+ 34. gxf3 Qxd1+ 35. Kg2 Rc2+ 36. Kg3 Qg1# 0-1

[Event "Titled Tuesday intern op 02nd Apr Early"]
[Site "Chess.com INT"]
[Date "2024.04.02"]
[Round "11"]
[White "Donatti, Alvaro"]
[Black "Rohwer, Paul"]
[Result "0-1"]
[WhiteElo "2193"]
[BlackElo "2225"]
[PlyCount "70"]
[EventDate "2024.04.02"]
[EventType "swiss (blitz)"]
[EventRounds "11"]
[EventCountry "USA"]
[SourceTitle "CB15_2024"]
[SourceDate "2024.04.10"]
[SourceVersion "1"]
[SourceVersionDate "2024.04.10"]
[SourceQuality "1"]

1. e4 c5 2. Nf3 d6 3. c3 Nf6 4. Bc4 e6 5. Qe2 a6 6. a4 Be7 7. 0-0 0-0 8. d4 Nxe4 9. Qxe4 d5 10. Qe2 dxc4 11. Qxc4 Nd7 12. Be3 Nb6 13. Qe2 Qc7 14. Nbd2 Nd5 15. Bg5 Bxg5 16. Nxg5 h6 17. Ngf3 Rb8 18. Ne4 cxd4 19. Nxd4 e5 20. Nf3 Bg4 21. Rad1 Nf4 22. Qe3 Rfe8 23. Ng3 e4 24. Nd4 Bxd1 25. Rxd1 Nd5 26. Qe2 e3 27. Ngf5 Qf4 28. f3 Qg5 29. Qc4 Nf4 30. Ng3 Rbd8 31. Re1 h5 32. h4 Qxh4 33. Ndf5 Qg5 34. Qc7 h4 35. Rxe3 hxg3 0-1

[Event "Titled Tuesday intern op 12th Jul Late"]
[Site "Chess.com INT"]
[Date "2022.07.12"]
[Round "9"]
[White "Donatti, Alvaro"]
[Black "Bogaudinov, Rushan"]
[Result "1/2-1/2"]
[WhiteElo "2193"]
[BlackElo "2023"]
[PlyCount "89"]
[EventDate "2022.07.12"]
[EventType "swiss (blitz)"]
[EventRounds "11"]
[EventCountry "USA"]
[SourceTitle "EXT 2023"]
[Source "ChessBase"]
[SourceDate "2022.10.05"]
[SourceVersion "1"]
[SourceVersionDate "2022.10.05"]
[SourceQuality "1"]

1. e4 c5 2. Nf3 d6 3. c3 Nf6 4. Bc4 e6 5. Qe2 Be7 6. 0-0 0-0 7. d3 d5 8. exd5 exd5 9. Bb3 Bg4 10. Bc2 Nc6 11. h3 Bh5 12. Bg5 Re8 13. Nbd2 d4 14. Rae1 Qd7 15. Qd1 h6 16. Bh4 Nd5 17. Bxe7 Rxe7 18. Ne4 b6 19. Ng3 Bg6 20. cxd4 Nxd4 21. Nxd4 cxd4 22. Qf3 Rae8 23. Rxe7 Rxe7 24. Bb3 Nf6 25. Rc1 Qe8 26. Nf5 Re1+ 27. Rxe1 Qxe1+ 28. Kh2 Qe5+ 29. Ng3 Nh5 30. Qg4 Kh7 31. Bc4 b5 32. Bb3 Nxg3 33. fxg3 a5 34. Qf3 a4 35. Bxf7 Bf5 36. Qa8 h5 37. Qg8+ Kh6 38. Qh8+ Kg5 39. Qxh5+ Kf6 40. Bg8 Bg6 41. Qh4+ Kf5 42. Qg4+ Kf6 43. Qh4+ Kf5 44. Qg4+ Kf6 45. Qh4+ 1/2-1/2

[Event "Titled Tuesday intern op 12th Jul Early"]
[Site "Chess.com INT"]
[Date "2022.07.12"]
[Round "3"]
[White "Donatti, Alvaro"]
[Black "Dilmukhametov, Artur"]
[Result "1-0"]
[WhiteElo "2193"]
[BlackElo "2276"]
[PlyCount "41"]
[EventDate "2022.07.12"]
[EventType "swiss (blitz)"]
[EventRounds "11"]
[EventCountry "USA"]
[SourceTitle "EXT 2023"]
[Source "ChessBase"]
[SourceDate "2022.10.05"]
[SourceVersion "1"]
[SourceVersionDate "2022.10.05"]
[SourceQuality "1"]

1. e4 e6 2. d4 d5 3. e5 c5 4. c3 Qb6 5. Nf3 Nc6 6. Be2 Nh6 7. 0-0 Nf5 8. dxc5 Bxc5 9. b4 Be7 10. a4 a6 11. a5 Qc7 12. Bf4 0-0 13. Bd3 Qd8 14. Nbd2 f6 15. Bxf5 fxe5 16. Bxh7+ Kxh7 17. Bxe5 Nxe5 18. Nxe5 Bd6 19. Qh5+ Kg8 20. Ng6 Rf5 21. Qh8+ 1-0

[Event "Titled Tuesday intern op 12th Jul Early"]
[Site "Chess.com INT"]
[Date "2022.07.12"]
[Round "6"]
[White "Donatti, Alvaro"]
[Black "Koutlas, Nikolaos"]
[Result "0-1"]
[WhiteElo "2193"]
[BlackElo "2314"]
[PlyCount "64"]
[EventDate "2022.07.12"]
[EventType "swiss (blitz)"]
[EventRounds "11"]
[EventCountry "USA"]
[SourceTitle "EXT 2023"]
[Source "ChessBase"]
[SourceDate "2022.10.05"]
[SourceVersion "1"]
[SourceVersionDate "2022.10.05"]
[SourceQuality "1"]

1. e4 e6 2. d4 d5 3. e5 c5 4. c3 Nc6 5. Be3 f6 6. exf6 Nxf6 7. Nf3 cxd4 8. cxd4 Bd6 9. Nc3 0-0 10. Bd3 Bd7 11. 0-0 Be8 12. Rc1 Bh5 13. Re1 Ne4 14. Be2 Nxc3 15. bxc3 Bg6 16. Bg5 Qd7 17. Bd3 Bh5 18. Ne5 Qe8 19. Qc2 h6 20. Bh4 Nxe5 21. dxe5 Bc5 22. c4 Rc8 23. Qb2 dxc4 24. Bxc4 Rf4 25. Bg3 Bxf2+ 26. Bxf2 Rfxc4 27. Rxc4 Rxc4 28. Qxb7 a5 29. h3 Rc2 30. Qb3 Rd2 31. Rc1 Bg6 32. Rc6 Qxc6 0-1

[Event "Titled Tuesday intern op 12th Jul Late"]
[Site "Chess.com INT"]
[Date "2022.07.12"]
[Round "1"]
[White "Donatti, Alvaro"]
[Black "O'Gorman, Tom"]
[Result "0-1"]
[WhiteElo "2193"]
[BlackElo "2401"]
[PlyCount "59"]
[EventDate "2022.07.12"]
[EventType "swiss (blitz)"]
[EventRounds "11"]
[EventCountry "USA"]
[SourceTitle "EXT 2023"]
[Source "ChessBase"]
[SourceDate "2022.10.05"]
[SourceVersion "1"]
[SourceVersionDate "2022.10.05"]
[SourceQuality "1"]

1. e4 c5 2. Nf3 d6 3. Bc4 Nf6 4. c3 Nc6 5. Qe2 e5 6. 0-0 g6 7. Ng5 d5 8. exd5 Nxd5 9. Nxf7 Kxf7 10. Qf3+ Ke6 11. d4 Bg7 12. dxe5 Nxe5 13. Re1 Rf8 14. Qe4 b5 15. Bxb5 Bb7 16. c4 Kf7 17. cxd5 Bxd5 18. Qe2 Kg8 19. Nc3 Bb7 20. Be3 Qb6 21. Rad1 a6 22. Ba4 Qb4 23. Bb3+ c4 24. Bc2 Rae8 25. Qd2 Qe7 26. Qd6 Qh4 27. Nd5 Qg4 28. f3 Nxf3+ 29. Kh1 Nxe1 30. Be4 0-1

[Event "Titled Tuesday intern op 12th Jul Early"]
[Site "Chess.com INT"]
[Date "2022.07.12"]
[Round "4"]
[White "Donatti, Alvaro"]
[Black "Ronka, Erik"]
[Result "0-1"]
[WhiteElo "2193"]
[BlackElo "2272"]
[PlyCount "66"]
[EventDate "2022.07.12"]
[EventType "swiss (blitz)"]
[EventRounds "11"]
[EventCountry "USA"]
[SourceTitle "EXT 2023"]
[Source "ChessBase"]
[SourceDate "2022.10.05"]
[SourceVersion "1"]
[SourceVersionDate "2022.10.05"]
[SourceQuality "1"]

1. e4 e5 2. Nf3 Nc6 3. Bb5 a6 4. Ba4 Nf6 5. 0-0 Be7 6. Re1 b5 7. Bb3 d6 8. c3 0-0 9. h3 Nb8 10. d4 Nbd7 11. Nbd2 Bb7 12. d5 c6 13. dxc6 Bxc6 14. Bc2 Re8 15. Nf1 Qc7 16. Ng3 Rad8 17. Nf5 Bf8 18. Bg5 h6 19. Bh4 g5 20. Bg3 Nc5 21. Nd2 d5 22. exd5 Nxd5 23. Qh5 Re6 24. Ne4 Nxe4 25. Bxe4 Nf6 26. Nxh6+ Bxh6 27. Qxh6 Nxe4 28. Qh5 Nxg3 29. fxg3 Qe7 30. Rf1 Rd2 31. Rf5 Rxg2+ 32. Kf1 Rxg3 33. Rd1 Rf6 0-1

[Event "Titled Tuesday intern op 12th Jul Late"]
[Site "Chess.com INT"]
[Date "2022.07.12"]
[Round "7"]
[White "Jarocka, Liwia"]
[Black "Donatti, Alvaro"]
[Result "1-0"]
[WhiteElo "2094"]
[BlackElo "2193"]
[PlyCount "123"]
[EventDate "2022.07.12"]
[EventType "swiss (blitz)"]
[EventRounds "11"]
[EventCountry "USA"]
[SourceTitle "EXT 2023"]
[Source "ChessBase"]
[SourceDate "2022.10.05"]
[SourceVersion "1"]
[SourceVersionDate "2022.10.05"]
[SourceQuality "1"]

1. e4 c5 2. d3 e6 3. g3 d5 4. Nd2 Nc6 5. Bg2 Nf6 6. Ne2 Be7 7. 0-0 0-0 8. f4 dxe4 9. Nxe4 Nd4 10. Be3 Nxe4 11. dxe4 Nxe2+ 12. Qxe2 Qc7 13. e5 Rb8 14. Rfd1 b6 15. Rd2 Rd8 16. Rad1 Rxd2 17. Qxd2 g6 18. h4 h5 19. b3 Bb7 20. Qd7 Qxd7 21. Rxd7 Bxg2 22. Kxg2 Bd8 23. Rxa7 Kf8 24. a4 Ke8 25. Kf3 Be7 26. c3 Kd8 27. Ke4 Ke8 28. Rc7 Bd8 29. Rc6 Be7 30. Rc7 Bd8 31. Ra7 Be7 32. Bd2 Rd8 33. Ke3 Rd7 34. Rxd7 Kxd7 35. Kd3 Kc6 36. Kc4 Bd8 37. Be3 Be7 38. b4 cxb4 39. cxb4 Bd8 40. Bf2 Bc7 41. Be1 Bd8 42. a5 b5+ 43. Kb3 Bc7 44. Bf2 Bb8 45. a6 Bc7 46. Kc3 Bd8 47. Kd3 Be7 48. Bc5 Bd8 49. Ke4 Bc7 50. Kf3 Bd8 51. Kg2 Bc7 52. Kh3 Bd8 53. g4 Bc7 54. gxh5 gxh5 55. Kg2 Bd8 56. Kg3 Bc7 57. Bf2 Bd8 58. f5 Be7 59. Bc5 Bd8 60. f6 Bc7 61. Kf4 Bb8 62. a7 1-0

[Event "Titled Tuesday intern op 12th Jul Late"]
[Site "Chess.com INT"]
[Date "2022.07.12"]
[Round "2"]
[White "Karas, Marek"]
[Black "Donatti, Alvaro"]
[Result "0-1"]
[WhiteElo "2286"]
[BlackElo "2193"]
[PlyCount "64"]
[EventDate "2022.07.12"]
[EventType "swiss (blitz)"]
[EventRounds "11"]
[EventCountry "USA"]
[SourceTitle "EXT 2023"]
[Source "ChessBase"]
[SourceDate "2022.10.05"]
[SourceVersion "1"]
[SourceVersionDate "2022.10.05"]
[SourceQuality "1"]

1. d4 Nf6 2. Bf4 g6 3. Nc3 Bg7 4. e4 d6 5. Qd2 0-0 6. Nf3 c5 7. d5 e6 8. dxe6 Bxe6 9. Qxd6 Qa5 10. Bd3 Nxe4 11. Bxe4 Bxc3+ 12. bxc3 Qxc3+ 13. Ke2 Bc4+ 14. Bd3 Re8+ 15. Ne5 Nc6 16. Bxc4 Nxe5 17. Bxe5 Rxe5+ 18. Kd1 Qxa1+ 19. Kd2 Qxh1 20. Qxe5 Rd8+ 21. Bd5 Qxg2 22. c4 Qxf2+ 23. Kc3 Qxa2 24. Qg5 Qa3+ 25. Kc2 Re8 26. Qg4 Qa1 27. Qf3 Qa2+ 28. Kd1 Re7 29. h4 Qb1+ 30. Kd2 Qe1+ 31. Kc2 Re2+ 32. Kd3 Qd2# 0-1

[Event "Titled Tuesday intern op 12th Jul Early"]
[Site "Chess.com INT"]
[Date "2022.07.12"]
[Round "11"]
[White "Polster, Christian"]
[Black "Donatti, Alvaro"]
[Result "0-1"]
[WhiteElo "2236"]
[BlackElo "2193"]
[PlyCount "52"]
[EventDate "2022.07.12"]
[EventType "swiss (blitz)"]
[EventRounds "11"]
[EventCountry "USA"]
[SourceTitle "EXT 2023"]
[Source "ChessBase"]
[SourceDate "2022.10.05"]
[SourceVersion "1"]
[SourceVersionDate "2022.10.05"]
[SourceQuality "1"]

1. e4 c5 2. Nc3 e6 3. Nge2 Nc6 4. g3 d5 5. exd5 exd5 6. d4 Nf6 7. Bg2 Be7 8. 0-0 0-0 9. dxc5 Bxc5 10. Nxd5 Be6 11. Be3 Bxe3 12. Nxe3 Qb6 13. Qc1 Rad8 14. c3 Qa6 15. Nf4 Bc4 16. Nxc4 Qxc4 17. Re1 Rfe8 18. b3 Qc5 19. c4 Ng4 20. Qb2 Nd4 21. Nd5 Ne5 22. Re3 Ng4 23. Rxe8+ Rxe8 24. Nc3 Ne2+ 25. Nxe2 Qxf2+ 26. Kh1 Rxe2 0-1

[Event "Titled Tuesday intern op 12th Jul Late"]
[Site "Chess.com INT"]
[Date "2022.07.12"]
[Round "3"]
[White "Trakru, Rohun"]
[Black "Donatti, Alvaro"]
[Result "1-0"]
[WhiteElo "1952"]
[BlackElo "2193"]
[PlyCount "81"]
[EventDate "2022.07.12"]
[EventType "swiss (blitz)"]
[EventRounds "11"]
[EventCountry "USA"]
[SourceTitle "EXT 2023"]
[Source "ChessBase"]
[SourceDate "2022.10.05"]
[SourceVersion "1"]
[SourceVersionDate "2022.10.05"]
[SourceQuality "1"]

1. d4 Nf6 2. Bg5 e6 3. e4 h6 4. Bxf6 Qxf6 5. c3 c5 6. Nf3 cxd4 7. cxd4 Bb4+ 8. Nc3 Nc6 9. a3 Be7 10. Bd3 Nxd4 11. Nxd4 Qxd4 12. Nb5 Qb6 13. Qe2 0-0 14. 0-0 a6 15. Nc3 d6 16. Rfd1 Bd7 17. Rac1 Bc6 18. b4 Rac8 19. Kh1 Bf6 20. Bb1 Rfd8 21. f4 e5 22. f5 Qa7 23. Ba2 b5 24. h3 Qb7 25. Bd5 Bxd5 26. Nxd5 Rxc1 27. Rxc1 Rc8 28. Rc2 Rc6 29. Qd3 Qc8 30. Rc3 Rxc3 31. Nxc3 Bg5 32. g3 Qc7 33. h4 Be7 34. Nd5 Qd7 35. Qc2 Bd8 36. Kg2 Kh7 37. Kh3 g6 38. g4 gxf5 39. gxf5 f6 40. Qf2 Qg7 41. Qe2 1-0

[Event "Titled Tuesday intern op 12th Jul Late"]
[Site "Chess.com INT"]
[Date "2022.07.12"]
[Round "6"]
[White "Ulasevich, Sergei"]
[Black "Donatti, Alvaro"]
[Result "1-0"]
[WhiteElo "2217"]
[BlackElo "2193"]
[PlyCount "59"]
[EventDate "2022.07.12"]
[EventType "swiss (blitz)"]
[EventRounds "11"]
[EventCountry "USA"]
[SourceTitle "EXT 2023"]
[Source "ChessBase"]
[SourceDate "2022.10.05"]
[SourceVersion "1"]
[SourceVersionDate "2022.10.05"]
[SourceQuality "1"]

1. d4 Nf6 2. Nc3 d5 3. Bf4 e6 4. Nb5 Na6 5. e3 c6 6. Nc3 Bd6 7. Bxa6 bxa6 8. Nge2 0-0 9. 0-0 Bxf4 10. Nxf4 Rb8 11. Nd3 a5 12. b3 Ba6 13. Na4 Nd7 14. Qd2 f6 15. Rfe1 Bxd3 16. cxd3 e5 17. dxe5 fxe5 18. d4 e4 19. Rac1 Rc8 20. Nc5 Nxc5 21. Rxc5 Qf6 22. Rec1 a4 23. bxa4 h5 24. Ra5 Rc7 25. Rxd5 cxd5 26. Rxc7 Rb8 27. Qc2 Qd8 28. h3 h4 29. a5 g5 30. Qc6 1-0

[Event "Titled Tuesday intern op 05th Jul Late"]
[Site "Chess.com INT"]
[Date "2022.07.05"]
[Round "3"]
[White "Donatti, Alvaro"]
[Black "Novikova, Galina"]
[Result "0-1"]
[WhiteElo "2193"]
[BlackElo "2073"]
[PlyCount "94"]
[EventDate "2022.07.05"]
[EventType "swiss (blitz)"]
[EventRounds "11"]
[EventCountry "USA"]
[SourceTitle "CBM 209 Extra"]
[Source "ChessBase"]
[SourceDate "2022.09.30"]
[SourceVersion "1"]
[SourceVersionDate "2022.09.30"]
[SourceQuality "1"]

1. e4 e6 2. d4 d5 3. e5 c5 4. c3 Nc6 5. Nf3 Bd7 6. Be3 f6 7. exf6 Nxf6 8. Bd3 c4 9. Bc2 Bd6 10. 0-0 0-0 11. b3 b5 12. bxc4 bxc4 13. Nbd2 Qc7 14. Bg5 Bf4 15. Re1 Ng4 16. Bxf4 Qxf4 17. h3 Nh6 18. Qe2 Rae8 19. g3 Qf6 20. Ne5 Nxe5 21. dxe5 Qf7 22. Kg2 Nf5 23. Nf3 h6 24. Bxf5 Qxf5 25. Nd4 Qf7 26. f4 Ba4 27. Rab1 Rb8 28. Qg4 Bd7 29. Qe2 a5 30. Qc2 a4 31. Rxb8 Rxb8 32. Rb1 Qe8 33. Rxb8 Qxb8 34. h4 a3 35. f5 Qxe5 36. fxe6 Bxe6 37. Qa4 Qe4+ 38. Kh2 Bg4 39. Qxa3 h5 40. Qb2 Qe1 41. a4 Qd1 42. a5 Qa4 43. Qb8+ Kh7 44. Qd8 Qa2+ 45. Kg1 Qb1+ 46. Kf2 Qb2+ 47. Kg1 Qxc3 0-1

[Event "Titled Tuesday intern op 05th Jul Late"]
[Site "Chess.com INT"]
[Date "2022.07.05"]
[Round "4"]
[White "Donatti, Alvaro"]
[Black "Thiel, Thomas"]
[Result "0-1"]
[WhiteElo "2193"]
[BlackElo "2265"]
[PlyCount "68"]
[EventDate "2022.07.05"]
[EventType "swiss (blitz)"]
[EventRounds "11"]
[EventCountry "USA"]
[SourceTitle "CBM 209 Extra"]
[Source "ChessBase"]
[SourceDate "2022.09.30"]
[SourceVersion "1"]
[SourceVersionDate "2022.09.30"]
[SourceQuality "1"]

1. e4 d5 2. d4 dxe4 3. Nc3 Nf6 4. Bg5 Nbd7 5. f3 e3 6. Bc4 e6 7. Nge2 Be7 8. Bxe3 0-0 9. 0-0 b6 10. d5 e5 11. Ng3 a6 12. Nf5 Bc5 13. Ne4 Nxe4 14. fxe4 Bxe3+ 15. Nxe3 Nc5 16. Qf3 Kh8 17. Rad1 g6 18. b4 Nb7 19. Bb3 Nd6 20. c4 f5 21. exf5 Bxf5 22. Qg3 Qe7 23. Qe1 a5 24. c5 Nb5 25. Bc4 Nd4 26. Nxf5 Nxf5 27. a3 axb4 28. axb4 bxc5 29. bxc5 Qxc5+ 30. Kh1 Rae8 31. Bb3 Ne3 32. Rxf8+ Rxf8 33. Rc1 Qd4 34. d6 cxd6 0-1

[Event "Titled Tuesday intern op 05th Jul Early"]
[Site "Chess.com INT"]
[Date "2022.07.05"]
[Round "2"]
[White "Silva, Kaua Marques"]
[Black "Donatti, Alvaro"]
[Result "0-1"]
[WhiteElo "2163"]
[BlackElo "2193"]
[PlyCount "78"]
[EventDate "2022.07.05"]
[EventType "swiss (blitz)"]
[EventRounds "11"]
[EventCountry "USA"]
[SourceTitle "CBM 209 Extra"]
[Source "ChessBase"]
[SourceDate "2022.09.30"]
[SourceVersion "1"]
[SourceVersionDate "2022.09.30"]
[SourceQuality "1"]

1. Nf3 Nf6 2. b3 g6 3. Bb2 Bg7 4. c4 0-0 5. g3 c5 6. Bg2 Nc6 7. 0-0 d5 8. cxd5 Nxd5 9. Bxg7 Kxg7 10. Qc2 b6 11. Qb2+ Nf6 12. Rd1 Bb7 13. d4 cxd4 14. Nxd4 Nxd4 15. Bxb7 Nf3+ 16. Bxf3 Qxd1+ 17. Kg2 Rac8 18. Nc3 Qd4 19. Rc1 Rfd8 20. e3 Qe5 21. Rc2 a6 22. h4 b5 23. g4 e6 24. h5 gxh5 25. gxh5 b4 26. Ne2 Qxb2 27. Rxb2 e5 28. Ng3 Rc7 29. Be2 a5 30. Bc4 Rcd7 31. Nf5+ Kf8 32. Nh6 Rd2 33. Nxf7 Rxb2 34. Nxd8 Rxa2 35. Nc6 Ne4 36. Nxe5 Rxf2+ 37. Kh3 Rc2 38. Nc6 Rxc4 39. bxc4 b3 0-1

[Event "Titled Tuesday intern op 28th Jun Late"]
[Site "Chess.com INT"]
[Date "2022.06.28"]
[Round "1"]
[White "Donatti, Alvaro"]
[Black "De la Colina, Nicolas"]
[Result "1-0"]
[WhiteElo "2193"]
[BlackElo "2090"]
[PlyCount "53"]
[EventDate "2022.06.28"]
[EventType "swiss (blitz)"]
[EventRounds "11"]
[EventCountry "USA"]
[SourceTitle "CBM 209 Extra"]
[Source "ChessBase"]
[SourceDate "2022.09.30"]
[SourceVersion "1"]
[SourceVersionDate "2022.09.30"]
[SourceQuality "1"]

1. e4 c5 2. Nf3 Nc6 3. d4 cxd4 4. Nxd4 Nf6 5. Nc3 d6 6. Be3 Ng4 7. Bg5 h6 8. Bh4 g5 9. Bg3 Bg7 10. Nxc6 bxc6 11. Be2 Nf6 12. Qd2 Rb8 13. Rd1 Qa5 14. 0-0 Rxb2 15. e5 dxe5 16. Bc4 0-0 17. Bb3 Bg4 18. f3 Be6 19. Nd5 Qxd2 20. Nxe7+ Kh8 21. Rxd2 Bxb3 22. axb3 e4 23. Nf5 exf3 24. Nxg7 Kxg7 25. Be5 Re8 26. Bxb2 Re6 27. Rxf3 1-0